<?xml version="1.0" encoding="UTF-8"?>
<record
    xmlns:xsi="http://www.w3.org/2001/XMLSchema-instance"
    xsi:schemaLocation="http://www.loc.gov/MARC21/slim http://www.loc.gov/standards/marcxml/schema/MARC21slim.xsd"
    xmlns="http://www.loc.gov/MARC21/slim">

  <leader>00832nam a22002177a 4500</leader>
  <controlfield tag="008">240702b        mp ||||| |||| 00| 0 mon d</controlfield>
  <datafield tag="035" ind1=" " ind2=" ">
    <subfield code="a">7919</subfield>
  </datafield>
  <datafield tag="040" ind1=" " ind2=" ">
    <subfield code="a">SU1322070</subfield>
    <subfield code="b">mon</subfield>
    <subfield code="c">MN-UlNLM</subfield>
    <subfield code="d">MN-UlNLM</subfield>
    <subfield code="e">rda</subfield>
  </datafield>
  <datafield tag="041" ind1=" " ind2=" ">
    <subfield code="a">mon</subfield>
  </datafield>
  <datafield tag="042" ind1=" " ind2=" ">
    <subfield code="a">24819</subfield>
  </datafield>
  <datafield tag="084" ind1=" " ind2=" ">
    <subfield code="2">NNA</subfield>
    <subfield code="a">85</subfield>
    <subfield code="b">&#x41A;-795</subfield>
  </datafield>
  <datafield tag="100" ind1=" " ind2=" ">
    <subfield code="a">&#x41A;&#x440;&#x435;&#x43C;&#x43D;&#x435;&#x432; &#x411;.</subfield>
  </datafield>
  <datafield tag="245" ind1=" " ind2="0">
    <subfield code="a">&#x412;&#x43E;&#x43B;&#x44C;&#x444;&#x433;&#x430;&#x43D;&#x433; &#x410;&#x43C;&#x430;&#x434;&#x435;&#x439; &#x41C;&#x43E;&#x446;&#x430;&#x440;&#x442;</subfield>
  </datafield>
  <datafield tag="264" ind1=" " ind2=" ">
    <subfield code="a">&#x423;&#x43B;&#x430;&#x430;&#x43D;&#x431;&#x430;&#x430;&#x442;&#x430;&#x440;</subfield>
    <subfield code="b">&#x41C;&#x43E;&#x43D; &#x441;&#x443;&#x434;&#x430;&#x440;</subfield>
    <subfield code="c">1999</subfield>
  </datafield>
  <datafield tag="300" ind1=" " ind2=" ">
    <subfield code="a">251&#x445;.</subfield>
  </datafield>
  <datafield tag="336" ind1=" " ind2=" ">
    <subfield code="2">rdacontent</subfield>
    <subfield code="a">text</subfield>
    <subfield code="b">txt</subfield>
  </datafield>
  <datafield tag="337" ind1=" " ind2=" ">
    <subfield code="2">rdamedia</subfield>
    <subfield code="a">unmediated</subfield>
    <subfield code="b">n</subfield>
  </datafield>
  <datafield tag="338" ind1=" " ind2=" ">
    <subfield code="2">rdacarrier</subfield>
    <subfield code="a">volume</subfield>
    <subfield code="b">nc</subfield>
  </datafield>
  <datafield tag="650" ind1=" " ind2=" ">
    <subfield code="a">&#x413;&#x430;&#x440;&#x447;&#x438;&#x433; : &#x42D;&#x445; &#x43E;&#x440;&#x43E;&#x43D;, &#x413;&#x44D;&#x440; &#x431;&#x4AF;&#x43B;, &#x41C;&#x43E;&#x446;&#x430;&#x440;&#x442; &#x442;&#x4E9;&#x440;&#x441;&#x4E9;&#x43D; &#x43D;&#x44C;, &#x411;&#x430;&#x433;&#x430; &#x437;&#x430;&#x43B;&#x443;&#x443; &#x43D;&#x430;&#x441;, &#x412;&#x435;&#x43D;&#x430;&#x434;, &#x415;&#x432;&#x440;&#x43E;&#x43F;&#x43E;&#x43E;&#x440; &#x430;&#x44F;&#x43B;&#x441;&#x430;&#x43D; &#x442;&#x43E;&#x433;&#x43B;&#x43E;&#x432;, &#x410;&#x43D;&#x445;&#x43D;&#x44B; &#x434;&#x443;&#x443;&#x440;&#x438;&#x443;&#x434;, &#x418;&#x442;&#x430;&#x43B;&#x438;&#x434;, &#x414;&#x430;&#x445;&#x438;&#x43D; &#x433;&#x44D;&#x440;&#x442;&#x44D;&#x44D;...</subfield>
  </datafield>
  <datafield tag="942" ind1=" " ind2=" ">
    <subfield code="2">NNA</subfield>
    <subfield code="c">BK</subfield>
  </datafield>
  <datafield tag="952" ind1=" " ind2=" ">
    <subfield code="0">0</subfield>
    <subfield code="1">0</subfield>
    <subfield code="4">0</subfield>
    <subfield code="6">85_&#x41A;795</subfield>
    <subfield code="7">0</subfield>
    <subfield code="8">SU1321</subfield>
    <subfield code="a">SU1322070</subfield>
    <subfield code="b">SU1322070</subfield>
    <subfield code="c">SU1321</subfield>
    <subfield code="d">2024-07-04</subfield>
    <subfield code="g">4800.00</subfield>
    <subfield code="l">0</subfield>
    <subfield code="o">85  &#x41A;-795</subfield>
    <subfield code="p">SU1327919-2-1</subfield>
    <subfield code="r">2024-07-04</subfield>
    <subfield code="t">36540</subfield>
    <subfield code="y">BK</subfield>
  </datafield>
  <datafield tag="952" ind1=" " ind2=" ">
    <subfield code="0">0</subfield>
    <subfield code="1">0</subfield>
    <subfield code="4">0</subfield>
    <subfield code="6">85_&#x41A;795</subfield>
    <subfield code="7">0</subfield>
    <subfield code="8">SU1322</subfield>
    <subfield code="a">SU1322070</subfield>
    <subfield code="b">SU1322070</subfield>
    <subfield code="c">SU1322</subfield>
    <subfield code="d">2024-07-04</subfield>
    <subfield code="g">4800.00</subfield>
    <subfield code="l">0</subfield>
    <subfield code="o">85  &#x41A;-795</subfield>
    <subfield code="p">SU1327919-3-1</subfield>
    <subfield code="r">2024-07-04</subfield>
    <subfield code="t">36539</subfield>
    <subfield code="y">BK</subfield>
  </datafield>
  <datafield tag="952" ind1=" " ind2=" ">
    <subfield code="0">0</subfield>
    <subfield code="1">0</subfield>
    <subfield code="4">0</subfield>
    <subfield code="6">85_&#x41A;795</subfield>
    <subfield code="7">0</subfield>
    <subfield code="8">SU1322</subfield>
    <subfield code="a">SU1322070</subfield>
    <subfield code="b">SU1322070</subfield>
    <subfield code="c">SU1322</subfield>
    <subfield code="d">2024-07-04</subfield>
    <subfield code="g">4800.00</subfield>
    <subfield code="l">0</subfield>
    <subfield code="o">85  &#x41A;-795</subfield>
    <subfield code="p">SU1327919-3-2</subfield>
    <subfield code="r">2024-07-04</subfield>
    <subfield code="t">41068</subfield>
    <subfield code="y">BK</subfield>
  </datafield>
  <datafield tag="999" ind1=" " ind2=" ">
    <subfield code="c">1066082</subfield>
    <subfield code="d">1066139</subfield>
  </datafield>
</record>
